000 01311nab a22002537a 4500
999 _c6247
_d6247
003 OSt
005 20260127202858.0
008 190514b xxu||||| |||| 00| 0 spa d
040 _cPJ
100 _96959
_aMiguel, Sandra Verónica
245 1 0 _aIdentidad de género, autonomía progresiva y control de constitucionalidad :
_ba propósito del fallo "V. A. E. c. OSECAC s/ amparo ley 19.686" /
_cSandra Verónica Miguel.
300 _ap. 56-64
500 _aCita: TR LALEY AR/DOC/2139/2025.
505 _aSumario: I. Introducción.— II. Marco normativo.— III. Relato de los hechos. Cuestión controversial.— IV. La identidad de género en los niños, niñas y adolescentes.— V. Conclusiones finales.
505 _tFallo comentado: JFed., Paraná Nro 2 ~ 16/04/2025 ~ V. A. E., en la representación invocada c. OSECAC s/ amparo ley 16.986.
650 0 _9967
_aDERECHO DE FAMILIA
650 0 _94305
_aDERECHO A LA IDENTIDAD DE GÉNERO
650 0 _95662
_aADOLESCENTES
650 0 _9755
_aCONTROL DE CONSTITUCIONALIDAD
650 0 _94691
_aAUTONOMÍA PROGRESIVA
650 0 _91057
_aJURISPRUDENCIA APLICABLE
773 0 _02844
_93222
_dBuenos Aires : AbeledoPerrot, 1989-
_tDerecho de familia. Revista Interdisciplinaria de doctrina y jurisprudencia. Octubre 2025-V.
_z18511201
942 _2udc
_cANA